| 000 | 00554nam a2200205 4500 | ||
|---|---|---|---|
| 003 | OSt | ||
| 005 | 20260530115304.0 | ||
| 008 | 260508b1975 |||a|||| |||| 001 0 spa d | ||
| 020 | _a8425206863 | ||
| 040 |
_aICI _bspa _cICI |
||
| 050 |
_aN6490 _b.M4618 |
||
| 100 | 1 |
_aMenna, Filiberto _931611 |
|
| 245 | 1 | 0 | _aLa opción analítica en el arte moderno |
| 264 | 1 |
_bGustavo Gili Barcelona _c1977 _aEspaña |
|
| 300 | _a164 páginas | ||
| 336 |
_atexto _2rdacontent |
||
| 337 |
_asin medio _2rdamedia |
||
| 338 |
_avolumen _2rdacarrier |
||
| 942 |
_2lcc _cBK _n1 |
||
| 999 |
_c12979 _d12979 |
||